000 00999nam a2200277 c 4500
999 _c165442
_d165442
003 BLK
005 20221110155729.0
008 180410b bul|||||r ||||||| ||bul||
010 _aKNG00173052000
040 _aBLK
041 _aBUL
_cBUL
080 _aБългарска литература
_b821.163.2
_x-31
_z821.163.2-31
100 1 _aДелян, Димитър
_eпърви автор
_gКръстев, Димитър Константинов
_9375861
139 _aДелян, Димитър
_bД 39
245 1 0 _aПришествие
_bРоман
_cДимитър Делян; ил. Димитър Войнов.
257 _aBGR
260 _bХристо Г. Данов
_c1978
_aПловдив
300 _a308 с.
_bс ил.
_c21 см
380 _aX
700 1 _aВойнов, Димитър
_eил.
_9376895
852 _aЦб 92163
856 4 _qpdf
_i0.00
_ldisable
856 4 _qpdf
_i0.00
_ldisable
942 _cKNG
_n0
_s1
944 _aCR
_c16.03.2015
_kРенета_Константинова
944 _aED
_c14.09.2017
_kМилена_Ачева
999 _d165442